| 000 | 01087nam a2200313 a 4500 | ||
|---|---|---|---|
| 003 | AR-BaBNM | ||
| 005 | 20251128202708.0 | ||
| 008 | 082120s2002 ||||||||||||||000 | spa|| | ||
| 040 | _cAR-BaBNM | ||
| 100 | 1 | _aPereyra, Nicandro | |
| 245 | 0 | 0 | _aRoberto Ledesma |
| 260 |
_aBuenos Aires _bEdiciones Culturales Argentinas _c1964 |
||
| 300 |
_a110 p. _bil. |
||
| 490 | 0 | _aAntologías | |
| 500 | _aJuicios sobre la obra de Roberto Ledesma en p. 109-110 | ||
| 500 | _aBiografía de Roberto Ledesma en p. 7-10 | ||
| 500 | _aLas siguientes obras: Caja de música - Trasfiguras - Tiempo sin cenizas - Nivel del cielo - El pájaro en la tormenta - Páginas narrativas - Una conferencia - Páginas de crítica - Una página de humor - Una página de civismo | ||
| 504 | _aContiene bibliografía en p. 103-108 | ||
| 650 | 4 | _aLITERATURA ARGENTINA | |
| 650 | 4 | _aANTOLOGIAS | |
| 650 | 4 | _aPOESIA | |
| 650 | 4 | _aVIDA LITERARIA | |
| 650 | 4 | _aANALISIS LITERARIO | |
| 653 | _aPERIODISMO LITERARIO | ||
| 655 | _aLITERATURA | ||
| 700 | 1 | _aLedesma, Roberto | |
| 942 | _cBK | ||
| 998 | _cisola | ||
| 999 |
_c159 _d159 |
||